01197 a2200253 45000010006000000050017000060080041000230030015000640400040000790800083001192450047002020200018002492640043002673000019003105050307003291000027006367000028006637000033006917000020007247000028007447000026007727000029007988560116008272579620260407155541.0260407a1982 arg spa dAR-UNSa-BCEJYS aAR-UNSa-BCEJYSbspacAR-UNSa-BCEJYS a658.15xAdministración financiera privada. Gestión financiera de empresas 10aAdministración financierapsegunda parte a950-037-012-3 1aBuenos Aires :bEdiciones Macchic1982 a312 p.c22 cm. a5. Decisiones de inversión - 2. Administración del capital de trabajo - 3. Administración de los activos corrientes - 4. Estructura de financiamiento - 5. Financiación de la empresa - 6. Financiamiento a mediano plazo - 7. Financiamiento a largo plazo - 8. Sistemas especiales de financiamiento1 aBasagaña, Eduardo J.1 aGonzalez Dosil, Roberto1 aFernandez, Heriberto Horacio1 aBruno, Norberto1 aSapetnitzky, Claudio E.1 aBarboza, Guillermo E.1 aFreijedo, Claudio Felipe41uhttps://biblioeco.unsa.edu.ar/pmb/images/libros/Administracion Financiera v2.jpgyImagen de portadaqimage/jpeg